Виртуальный автоматизированный промысел; Молодежь и современные информационные технологии; Ч. 2

Detalles Bibliográficos
Parent link:Молодежь и современные информационные технологии: сборник трудов VIII Всероссийской научно-практической конференции студентов, аспирантов и молодых ученых, г. Томск, 3-5 марта 2010 г./ Томский политехнический университет (ТПУ), Институт "Кибернетический центр".— , 2010
Ч. 2.— 2010.— [С. 47-48]
Otros Autores: Мусрепов Е. А., Шерин Д. А., Громаков Е. И. Евгений Иванович, Малышенко А. М. Александр Максимович
Sumario:Заглавие с титульного экрана
Lenguaje:ruso
Publicado: 2010
Colección:Автоматизация и управление в технических системах
Materias:
Acceso en línea:http://www.lib.tpu.ru/fulltext/c/2010/C04/V2/003.pdf
Formato: MixedMaterials Electrónico Capítulo de libro
KOHA link:https://koha.lib.tpu.ru/cgi-bin/koha/opac-detail.pl?biblionumber=603149

MARC

LEADER 00000naa2a2200000 4500
001 603149
005 20260226130237.0
035 |a (RuTPU)RU\TPU\conf\298 
035 |a RU\TPU\conf\297 
090 |a 603149 
100 |a 20131216d2010 k y0rusy50 ca 
101 0 |a rus 
102 |a RU 
135 |a drnn ---uucaa 
181 0 |a i  
182 0 |a b 
200 1 |a Виртуальный автоматизированный промысел  |f Е. А. Мусрепов [и др.] 
203 |a Текст  |c электронный 
225 1 |a Автоматизация и управление в технических системах 
300 |a Заглавие с титульного экрана 
320 |a [Библиогр.: с. 48 (5 назв.)] 
337 |a Adobe Reader 
461 1 |0 (RuTPU)RU\TPU\conf\24  |t Молодежь и современные информационные технологии  |o сборник трудов VIII Всероссийской научно-практической конференции студентов, аспирантов и молодых ученых, г. Томск, 3-5 марта 2010 г.  |o в 2 т.  |f Томский политехнический университет (ТПУ), Институт "Кибернетический центр"  |d 2010 
463 0 |0 (RuTPU)RU\TPU\conf\26  |t Ч. 2  |v [С. 47-48]  |d 2010 
610 1 |a труды учёных ТПУ 
610 1 |a электронный ресурс 
610 1 |a виртуальная среда 
610 1 |a промыслы 
610 1 |a компьютерные системы 
701 1 |a Мусрепов  |b Е. А. 
701 1 |a Шерин  |b Д. А. 
701 1 |a Громаков  |b Е. И.  |c специалист в области автоматизированных систем управления  |c доцент Томского политехнического университета, кандидат технических наук  |f 1943-  |g Евгений Иванович  |3 (RuTPU)RU\TPU\pers\25727  |9 11629 
701 1 |a Малышенко  |b А. М.  |c специалист в области информатики и вычислительной техники  |c профессор Томского политехнического университета, доктор технических наук  |c член-корреспондент Академии электротехнических наук РФ  |c действительный член Международной академии наук высшей школы  |f 1937-  |g Александр Максимович  |3 (RuTPU)RU\TPU\pers\21983  |9 9294 
801 2 |a RU  |b 63413507  |c 20131216  |g RCR 
856 4 |u http://www.lib.tpu.ru/fulltext/c/2010/C04/V2/003.pdf 
942 |c BK